000 00976nam a22002297a 4500
005 20240530110542.0
008 151205s2013 jo ad g 000 0 ara d
017 _a2012/2194
_bالاردن . دائرة المكتبة الوطنية
040 _aEG-CaGPL
082 0 4 _221
_a332.042\
_bم ت
100 0 _aمازن حسن محمد الباشا .
245 1 2 _aالتمويل الخارجى :
_bو اثره على الهيكلية فى القطاعات الاقتصادية /
_cمازن حسن محمد الباشا .
250 _aط1.
260 _aالاردن :
_bدار الايام للنشر و التوزيع ،
_c2013 .
300 _a192 ص ؛
_c24 سم .
650 0 4 _aالتمويل الدولى .
650 0 4 _aالاستثمارات الاجنبية
_zالاردن .
650 0 4 _aالقروض الاجنبية .
650 0 4 _aالعلاقات الاقتصادية الدولية .
942 _2ddc
_cBK
999 _c62276
_d62276